Dispvtatio Theologica De Sacrificiis, Qvam Composvit Et, Volente Deo;

Bibliographic Details
Main Author: Schennis, Caspar (Author, Dedicator)
Corporate Author: Burell, Johann (Saumur, Francúzsko) (Printer)
Other Authors: Burell, Johann (Printer), Cameron, John, 1579 - 1625 (Thesis advisor)
Format: Thesis Book
Language:Latin
PhysicalDescription:6 nečíslovaných listov 4°
Subjects:

MARC

LEADER 00000nam a2200000 4500
001 vtls012077265
003 SK-MaSNL
005 20260301104328.0
008 211112s1621 fr f 010 0 lat
015 |a SNBHFA 
040 |a SNKHF  |b slo  |c SNKHF  |e rda 
041 0 |a lat 
044 |a fr  |c FR 
072 7 |a 2  |x Náboženstvo  |2 konspekt 
080 |a 2-1  |2 2011 
080 |a 21/29-1/-9  |2 2011 
100 1 |a Schennis, Caspar  |4 aut  |4 dto  |9 442899 
245 1 0 |a Dispvtatio Theologica De Sacrificiis, Qvam Composvit Et, Volente Deo;  |c Sub Praesidio Reuerendi Doctissimiq; Viri D. Iohannis Cameronis, SS. Theologiae in Academia Salmuriensi Professoris, eiusdemq; pro tempore Rectoris, atq; Ecclesiae Burdigalensis Pastoris; Propugnare conabitur, Ioh. Casparus á Schennis Tigurino-Heluetius. Ad 9 Cal. Iunias horis locoq; solitis 
264 3 |a Salmvrii  |b E Typographia Iohannis Bvrelli  |c MDCXXI (1621) 
300 |a 6 nečíslovaných listov  |c 4° 
336 |a text  |b txt  |2 rdacontent 
337 |a bez média  |b n  |2 rdamedia 
338 |a zväzok  |b nc  |2 rdacarrier 
500 |a Vinety, iniciálka v rámčeku na 6 riadkov, kustody 
501 |a Príväzok 54. k: HOFFMEISTERUS, Caspar Johann. Dissertatio De Fundamento Salutis. Tiguri: Typis Davidis Gessneri, 1676. 4°.  |5 SNK ID 81521 
502 |a Dizertačná práca (Doktor) -- Universität Saumur, Saumur, 1621 
504 |a Marginálie 
546 |a Latinčina  |b Kurzíva 
650 0 7 |a teológia  |2 SNKPH  |9 1814 
650 0 7 |a náboženstvo  |2 SNKPH  |9 2023 
700 1 |a Burell, Johann  |4 prt  |9 442900 
700 1 |a Cameron, John,  |d 1579 - 1625  |4 ths  |9 442901 
700 1 |a Schennis, Heinrich von  |4 hnr  |9 442902 
700 1 |a Cellarius, Johann Ulrich  |4 hnr  |9 442903 
700 1 |a Maag, Melchior,  |d 1565 - 1643  |4 hnr  |9 442904 
710 0 |a Burell, Johann (Saumur, Francúzsko)  |4 prt  |9 442905 
752 |a Francúzsko  |d Saumur 
852 |a snk  |h ID 81521/prív.54 
958 |a DC 
958 |a ONDV 
999 |c 697821  |d 699751 
952 |t Tlače 16. storočia  |a SNK  |b SNK  |c SNK_HF  |y PREZ  |7 0  |p 17A1398224  |o snkID 81521/prív.54  |i snkD 936/84  |0 0  |1 0  |4 0  |d 2021-11-12  |f 1  |l 0  |r 2026-02-23 20:47:32  |w 2026-02-23